The literature of the United States / (Record no. 17611)
[ view plain ]
| 000 -LEADER | |
|---|---|
| fixed length control field | 00807nam a2200277 a 4500 |
| 001 - CONTROL NUMBER | |
| control field | 17611 |
| 003 - CONTROL NUMBER IDENTIFIER | |
| rucl marc code | BD-RjUL |
| 005 - DATE AND TIME OF LATEST TRANSACTION | |
| control field | 20211209000152.0 |
| 008 - FIXED-LENGTH DATA ELEMENTS--GENERAL INFORMATION | |
| fixed length control field | 140217s19551954enk 001 0 eng |
| 035 ## - SYSTEM CONTROL NUMBER | |
| System control number | (BD-RjUL)17669 |
| System control number | (OCoLC)4221828 |
| 040 ## - CATALOGING SOURCE | |
| Original cataloging agency | DLC |
| Transcribing agency | NmLcU |
| Modifying agency | Uk |
| -- | DLC |
| Language of cataloging | eng |
| 041 ## - LANGUAGE CODE | |
| Language code of text/sound track or separate title | eng |
| 082 ## - DEWEY DECIMAL CLASSIFICATION NUMBER | |
| Classification number | 810.9 |
| Author mark and year | CUL 1955 |
| 100 1# - MAIN ENTRY--PERSONAL NAME | |
| Personal name | Cunliffe, Marcus. |
| 9 (RLIN) | 54283 |
| 245 14 - TITLE STATEMENT | |
| Title | The literature of the United States / |
| Statement of responsibility, etc. | Marcus Cunliffe |
| 260 ## - PUBLICATION, DISTRIBUTION, ETC. (IMPRINT) | |
| Place of publication, distribution, etc. | London : |
| -- | Baltimore : |
| Name of publisher, distributor, etc. | Penguin Books, |
| Date of publication, distribution, etc. | c1954, [ reprinting 1955] |
| 300 ## - PHYSICAL DESCRIPTION | |
| Pagination | 384 p. ; |
| Size | 18 cm. |
| 490 0# - SERIES STATEMENT | |
| Series statement | Pelican books, |
| Volume/sequential designation | A239 |
| 500 ## - GENERAL NOTE | |
| General note | Includes bibliography. |
| 504 ## - BIBLIOGRAPHY, ETC. NOTE | |
| Bibliography, etc | includes index |
| 650 #0 - SUBJECT ADDED ENTRY--TOPICAL TERM | |
| Topical term or geographic name as entry element | American literature |
| General subdivision | History and criticism. |
| 9 (RLIN) | 54284 |
| 942 ## - ADDED ENTRY ELEMENTS (KOHA) | |
| Source of classification or shelving scheme | Dewey Decimal Classification |
| Koha item type | Books |
| Lost status | Source of classification or shelving scheme | Damaged status | Not for loan | Collection code | Permanent Location | Current Location | Shelving location | Date acquired | Source of acquisition | Cost, normal purchase price | Total Checkouts | Full call number | Date last seen | Copy number | Koha item type |
|---|---|---|---|---|---|---|---|---|---|---|---|---|---|---|---|
| Dewey Decimal Classification | Not For Loan | Fiction | Central Library, University of Rajshahi | Central Library, University of Rajshahi | Reading Room | 26/09/1956 | USIS | 0.00 | 810.9 CUL 1955 | 17/02/2014 | C-1 | Books | |||
| Dewey Decimal Classification | Fiction | Central Library, University of Rajshahi | Central Library, University of Rajshahi | 13/08/1965 | 810.9 CUL 1955 | 17/02/2020 | C-2 | Books |